[Event "Leipzig VfB op 09th"]
[Site "Leipzig"]
[Date "2002.03.09"]
[Round "8"]
[White "Broberg, Horst"]
[Black "Filipiak, Thomas"]
[Result "1/2-1/2"]
[WhiteElo "2160"]
[BlackElo "1816"]
[PlyCount "80"]
[EventDate "2002.03.05"]
[EventType "swiss"]
[EventRounds "9"]
[EventCountry "GER"]
[SourceTitle "EXT 2007"]
[Source "ChessBase"]
[SourceDate "2006.11.23"]
[SourceVersion "1"]
[SourceVersionDate "2006.11.23"]
[SourceQuality "1"]

1. e4 d6 2. d4 Nf6 3. Nc3 g6 4. Nf3 Bg7 5. Be2 0-0 6. 0-0 Bg4 7. h3 Bxf3 8. Bxf3 Nbd7 9. Bg5 h6 10. Be3 e5 11. d5 Kh7 12. Qe2 a6 13. a4 Ng8 14. Kh2 Ne7 15. g4 g5 16. Qd2 Ng6 17. Ne2 Nf4 18. Ng3 Nf6 19. Nf5 Ng8 20. Bxf4 exf4 21. Rae1 Be5 22. Kg2 Ne7 23. c3 Nxf5 24. exf5 Qd7 25. Bd1 Kg7 26. f3 Rae8 27. Bc2 Bf6 28. Kf2 Rh8 29. Rxe8 Rxe8 30. Re1 Be5 31. Qd3 Bf6 32. Rxe8 Qxe8 33. Qe2 Kf8 34. Qxe8+ Kxe8 35. Ke2 Kd7 36. Kd3 a5 37. b4 b6 38. Kc4 Be5 39. Bd3 Bf6 40. Kb3 Be5 1/2-1/2